Teorías y sistemas contemporáneos en psicología / (Record no. 133588)

MARC details
000 -LEADER
campo de control de longitud fija 00656nam a2200205 i 4500
001 - NÚMERO DE CONTROL
campo de control 133588
003 - IDENTIFICADOR DE NÚMERO DE CONTROL
campo de control ES-MaACL
005 - FECHA Y HORA DE LA ÚLTIMA TRANSACCIÓN
campo de control 20250822062552.0
007 - CAMPO FIJO DE DESCRIPCIÓN FÍSICA--INFORMACIÓN GENERAL
campo de control de longitud fija t|
008 - DATOS DE LONGITUD FIJA--INFORMACIÓN GENERAL
campo de control de longitud fija 070821s1965 sp ||||1| spa d
100 1# - ENTRADA PRINCIPAL--NOMBRE DE PERSONA
Nombre de persona Wolman, Benjamin B.
9 (RLIN) 117289
245 10 - MENCIÓN DEL TÍTULO
Título Teorías y sistemas contemporáneos en psicología /
Mención de responsabilidad, etc. Benjamin B. Wolman ; traducción directa del inglés por José Toro Trallero.
250 ## - MENCION DE EDICION
Mención de edición [1ª ed.].
260 ## - PUBLICACIÓN, DISTRIBUCIÓN, ETC.
Lugar de publicación, distribución, etc. Barcelona :
Nombre del editor, distribuidor, etc. Grijalvo,
Fecha de publicación, distribución, etc. 1965.
300 ## - DESCRIPCIÓN FÍSICA
Extensión XIII, 712 p. ;
Dimensiones 24 cm.
650 17 - PUNTO DE ACCESO ADICIONAL DE MATERIA--TÉRMINO DE MATERIA
Término de materia o nombre geográfico como elemento de entrada Psicología
Fuente del encabezamiento o término embne
9 (RLIN) 16540
700 1# - ENTRADA AGREGADA--NOMBRE PERSONAL
Nombre de persona Toro, Josep.
9 (RLIN) 110681
852 ## - LOCALIZACIÓN
Ubicación ES-MaACL
Número de control de estantería C-26725
Sublocalización o colección R.55882
Holdings
Estatus retirado Estado de pérdida Estado de daño No para préstamo Biblioteca de origen Biblioteca actual Ubicación en estantería Fecha de adquisición Fuente de adquisición Total de préstamos Signatura topográfica completa Código de barras Visto por última vez Precio de reemplazo Tipo de ítem Koha
        Biblioteca del Ateneo de Madrid Biblioteca del Ateneo de Madrid Depósito 2 17/01/2008     C-26725 1139067 23/02/2023 23/02/2023 Libro impreso